000 00734nam a2200229Ia 4500
001 1483
003 GE_BSU
008 181216s||||||||xx |||||||||||||| ||und||
040 _cGE_BSU
080 _a63(075.8)
100 _aВащенко,И.М. Ланге,К.П. Меркулов,М.П.
245 _aПрактикум по основам сельского хозяйства
245 _bДля студ. пед. ин-тов
245 _cПод ред.И.М.Ващенко
260 _aМосква
260 _b,,Просвещение
260 _c1982
300 _a400стр. 21см.
541 _h10л.
653 _aПрактикум по основам сельского хозяйства
942 _cBK
999 _c35617
_d35617